[Event "Sauerland Bezirksliga 0102"]
[Site "Sauerland"]
[Date "2001.11.04"]
[Round "2"]
[White "Siepe, Hans Joachim"]
[Black "Sauer, Georg"]
[Result "0-1"]
[WhiteElo "1519"]
[BlackElo "1502"]
[PlyCount "54"]
[EventDate "2001.09.23"]
[EventType "team"]
[EventRounds "7"]
[EventCountry "GER"]
[SourceTitle "EXT 2007"]
[Source "ChessBase"]
[SourceDate "2006.11.23"]
[SourceVersion "1"]
[SourceVersionDate "2006.11.23"]
[SourceQuality "1"]
[WhiteTeam "Altena"]
[BlackTeam "Halver II"]
[WhiteTeamCountry "GER"]
[BlackTeamCountry "GER"]

1. b4 e5 2. b5 d5 3. e3 f5 4. c4 c6 5. Qb3 Nf6 6. cxd5 Qxd5 7. Qxd5 cxd5 8. Nf3 Bd6 9. Bb2 Nbd7 10. Nh4 Nf8 11. Nf3 Ng6 12. Ba3 Ke7 13. Be2 Bd7 14. Bxd6+ Kxd6 15. 0-0 Rhc8 16. Nc3 Rc7 17. a4 b6 18. a5 Rb8 19. axb6 axb6 20. Ra3 f4 21. Rfa1 Rc5 22. d4 exd4 23. Nxd4 fxe3 24. fxe3 Rbc8 25. Na4 Rc1+ 26. Kf2 Ne4+ 27. Kf3 Rf8+ 0-1